000 00493 a2200181 4500
001 066756
003 OSt
005 20211007112714.0
008
082 _a658.848
_bJ19E
100 1 _aJain, Khushpat S.
245 1 _aExport import procedures and documentation
_cby Khushpat S. Jain
250 _a6th ed.
260 _aMumbai
_bHimalaya Publishing
_c2010
300 _a278p.
690 _aIndia; Exports; Imports; International trade
942 _2ddc
_cBK
999 _c762
_d762